00464nam a2200145 i 4500001000300000245006800003260001900071040000800090041000800098942000700106008004100113999001700154856009800171952004900269bg 0aTermodinamiczieskije swistwa indiwidualnych wieszcziestw.nT.3. aMoskwa,c1981. cBPK apol cKS s pl f |000 0 pol  c20446d20446 uhttp://koha.tu.koszalin.pl/cgi-bin/koha/opac-detail.pl?biblionumber=20446yKatalog online BPK 00104070aBPKbBPKcwo28803p01640717yKS